<?xml version="1.0" encoding="UTF-8"?>
<record
    xmlns:xsi="http://www.w3.org/2001/XMLSchema-instance"
    xsi:schemaLocation="http://www.loc.gov/MARC21/slim http://www.loc.gov/standards/marcxml/schema/MARC21slim.xsd"
    xmlns="http://www.loc.gov/MARC21/slim">

  <leader>01363nam a22002057a 4500</leader>
  <controlfield tag="005">20250331161345.0</controlfield>
  <controlfield tag="008">240214b        |||||||| |||| 00| 0 eng d</controlfield>
  <datafield tag="020" ind1=" " ind2=" ">
    <subfield code="a">978-93-92242-66-3</subfield>
  </datafield>
  <datafield tag="041" ind1=" " ind2=" ">
    <subfield code="a">Eng</subfield>
  </datafield>
  <datafield tag="082" ind1=" " ind2=" ">
    <subfield code="2">3rd</subfield>
    <subfield code="a">PS 610.7368 PAR DB1236</subfield>
  </datafield>
  <datafield tag="100" ind1=" " ind2=" ">
    <subfield code="a">Pareek Bharat </subfield>
  </datafield>
  <datafield tag="245" ind1=" " ind2=" ">
    <subfield code="a">Textbook of Mental Health Nursing-I &amp; II for BSc Nursing Students </subfield>
  </datafield>
  <datafield tag="260" ind1=" " ind2=" ">
    <subfield code="b">Vision Health Sciences Publishers</subfield>
    <subfield code="a">Punjab</subfield>
    <subfield code="c">2024</subfield>
  </datafield>
  <datafield tag="300" ind1=" " ind2=" ">
    <subfield code="a">560p</subfield>
  </datafield>
  <datafield tag="365" ind1=" " ind2=" ">
    <subfield code="b">725.00</subfield>
  </datafield>
  <datafield tag="500" ind1=" " ind2=" ">
    <subfield code="a">,Mental health nursing, also known as psychiatric nursing, is a specialized field of nursing practice that involves the care of individuals with a mental health disorder to help them recover and improve their quality of life.Mental health is a state of mental well-being that enables people to cope with the stresses of life, realize their abilities, learn well and work well, and contribute to their community.&#x201D;Mental health includes our emotional, psychological, and social well-being. It affects how we think, feel, and act. It also helps determine how we handle stress, relate to others, and make healthy choices. Mental health is important at every stage of life, from childhood to adolescence and through adulthood.: Physical Health.
 Emotional Health.
: Cognitive Health.
 Social Health.
</subfield>
  </datafield>
  <datafield tag="520" ind1=" " ind2=" ">
    <subfield code="a">





</subfield>
  </datafield>
  <datafield tag="650" ind1=" " ind2=" ">
    <subfield code="a">Mental Health Nursing</subfield>
  </datafield>
  <datafield tag="942" ind1=" " ind2=" ">
    <subfield code="c">BK</subfield>
  </datafield>
  <datafield tag="999" ind1=" " ind2=" ">
    <subfield code="c">357100</subfield>
    <subfield code="d">357100</subfield>
  </datafield>
  <datafield tag="952" ind1=" " ind2=" ">
    <subfield code="0">0</subfield>
    <subfield code="1">0</subfield>
    <subfield code="2">ddc</subfield>
    <subfield code="4">0</subfield>
    <subfield code="7">0</subfield>
    <subfield code="a">BTIN</subfield>
    <subfield code="b">BTIN</subfield>
    <subfield code="d">2024-02-13</subfield>
    <subfield code="g">725.00</subfield>
    <subfield code="i">68</subfield>
    <subfield code="l">19</subfield>
    <subfield code="m">18</subfield>
    <subfield code="o">PS 610.7368 PAR DB1236</subfield>
    <subfield code="p">BTIN-DB-1236</subfield>
    <subfield code="q">2026-04-08</subfield>
    <subfield code="r">2026-03-25 12:41:22</subfield>
    <subfield code="s">2026-03-25</subfield>
    <subfield code="w">2024-02-14</subfield>
    <subfield code="y">DB</subfield>
    <subfield code="z">DB1236</subfield>
  </datafield>
  <datafield tag="952" ind1=" " ind2=" ">
    <subfield code="0">0</subfield>
    <subfield code="1">0</subfield>
    <subfield code="2">ddc</subfield>
    <subfield code="4">0</subfield>
    <subfield code="7">0</subfield>
    <subfield code="a">SNCN</subfield>
    <subfield code="b">SNCN</subfield>
    <subfield code="d">2024-05-22</subfield>
    <subfield code="e">Donated by Ms. Payal Tembhurne, Gadhchiroli</subfield>
    <subfield code="g">725.00</subfield>
    <subfield code="i">IK#2024-25#00014</subfield>
    <subfield code="l">22</subfield>
    <subfield code="m">1</subfield>
    <subfield code="o">616.89 </subfield>
    <subfield code="p">SNCN-DB-185</subfield>
    <subfield code="r">2026-03-07 12:10:46</subfield>
    <subfield code="s">2026-02-16</subfield>
    <subfield code="v">725.00</subfield>
    <subfield code="w">2024-05-21</subfield>
    <subfield code="y">DB</subfield>
  </datafield>
  <datafield tag="952" ind1=" " ind2=" ">
    <subfield code="0">0</subfield>
    <subfield code="1">0</subfield>
    <subfield code="2">ddc</subfield>
    <subfield code="4">0</subfield>
    <subfield code="7">0</subfield>
    <subfield code="a">SNCN</subfield>
    <subfield code="b">SNCN</subfield>
    <subfield code="d">2024-12-05</subfield>
    <subfield code="e">29</subfield>
    <subfield code="g">503.88</subfield>
    <subfield code="l">15</subfield>
    <subfield code="m">3</subfield>
    <subfield code="o">610.7368 /PAR</subfield>
    <subfield code="p">SNCN-BK-3528</subfield>
    <subfield code="r">2026-02-27 14:42:57</subfield>
    <subfield code="s">2026-02-16</subfield>
    <subfield code="v">725.00</subfield>
    <subfield code="w">2024-12-05</subfield>
    <subfield code="y">BK</subfield>
    <subfield code="z">3528</subfield>
  </datafield>
  <datafield tag="952" ind1=" " ind2=" ">
    <subfield code="0">0</subfield>
    <subfield code="1">0</subfield>
    <subfield code="2">ddc</subfield>
    <subfield code="4">0</subfield>
    <subfield code="7">0</subfield>
    <subfield code="a">SNCN</subfield>
    <subfield code="b">SNCN</subfield>
    <subfield code="d">2024-12-05</subfield>
    <subfield code="e">29</subfield>
    <subfield code="g">503.88</subfield>
    <subfield code="l">12</subfield>
    <subfield code="m">1</subfield>
    <subfield code="o">610.7368 /PAR</subfield>
    <subfield code="p">SNCN-BK-3532</subfield>
    <subfield code="r">2025-11-25 13:13:37</subfield>
    <subfield code="s">2025-11-24</subfield>
    <subfield code="v">725.00</subfield>
    <subfield code="w">2024-12-05</subfield>
    <subfield code="y">BK</subfield>
    <subfield code="z">3532</subfield>
  </datafield>
  <datafield tag="952" ind1=" " ind2=" ">
    <subfield code="0">0</subfield>
    <subfield code="1">0</subfield>
    <subfield code="2">ddc</subfield>
    <subfield code="4">0</subfield>
    <subfield code="7">0</subfield>
    <subfield code="a">SNCN</subfield>
    <subfield code="b">SNCN</subfield>
    <subfield code="d">2024-12-05</subfield>
    <subfield code="e">29</subfield>
    <subfield code="g">503.88</subfield>
    <subfield code="l">14</subfield>
    <subfield code="m">1</subfield>
    <subfield code="o">610.7368 /PAR</subfield>
    <subfield code="p">SNCN-BK-3530</subfield>
    <subfield code="r">2026-02-27 14:01:35</subfield>
    <subfield code="s">2026-02-16</subfield>
    <subfield code="v">725.00</subfield>
    <subfield code="w">2024-12-05</subfield>
    <subfield code="y">BK</subfield>
    <subfield code="z">3530</subfield>
  </datafield>
  <datafield tag="952" ind1=" " ind2=" ">
    <subfield code="0">0</subfield>
    <subfield code="1">0</subfield>
    <subfield code="2">ddc</subfield>
    <subfield code="4">0</subfield>
    <subfield code="7">0</subfield>
    <subfield code="a">SNCN</subfield>
    <subfield code="b">SNCN</subfield>
    <subfield code="d">2024-12-05</subfield>
    <subfield code="e">29</subfield>
    <subfield code="g">503.88</subfield>
    <subfield code="l">5</subfield>
    <subfield code="m">1</subfield>
    <subfield code="o">610.7368 /PAR</subfield>
    <subfield code="p">SNCN-BK-3531</subfield>
    <subfield code="r">2025-05-26 00:00:00</subfield>
    <subfield code="s">2025-05-05</subfield>
    <subfield code="v">725.00</subfield>
    <subfield code="w">2024-12-05</subfield>
    <subfield code="y">BK</subfield>
    <subfield code="z">3531</subfield>
  </datafield>
  <datafield tag="952" ind1=" " ind2=" ">
    <subfield code="0">0</subfield>
    <subfield code="1">0</subfield>
    <subfield code="2">ddc</subfield>
    <subfield code="4">0</subfield>
    <subfield code="7">0</subfield>
    <subfield code="a">SNCN</subfield>
    <subfield code="b">SNCN</subfield>
    <subfield code="d">2024-12-05</subfield>
    <subfield code="e">29</subfield>
    <subfield code="g">503.88</subfield>
    <subfield code="l">17</subfield>
    <subfield code="m">2</subfield>
    <subfield code="o">610.7368 /PAR</subfield>
    <subfield code="p">SNCN-BK-3529</subfield>
    <subfield code="q">2026-05-14</subfield>
    <subfield code="r">2026-03-20 16:16:48</subfield>
    <subfield code="s">2026-03-20</subfield>
    <subfield code="v">725.00</subfield>
    <subfield code="w">2024-12-05</subfield>
    <subfield code="y">BK</subfield>
    <subfield code="z">3529</subfield>
  </datafield>
  <datafield tag="952" ind1=" " ind2=" ">
    <subfield code="0">0</subfield>
    <subfield code="1">0</subfield>
    <subfield code="2">ddc</subfield>
    <subfield code="4">0</subfield>
    <subfield code="7">0</subfield>
    <subfield code="a">SNCN</subfield>
    <subfield code="b">SNCN</subfield>
    <subfield code="d">2024-12-05</subfield>
    <subfield code="e">29</subfield>
    <subfield code="g">503.88</subfield>
    <subfield code="l">26</subfield>
    <subfield code="m">2</subfield>
    <subfield code="o">610.7368/ PAR</subfield>
    <subfield code="p">SNCN-BK-3559</subfield>
    <subfield code="r">2025-12-19 14:48:26</subfield>
    <subfield code="s">2025-12-04</subfield>
    <subfield code="v">725.00</subfield>
    <subfield code="w">2024-12-05</subfield>
    <subfield code="y">BK</subfield>
    <subfield code="z">3559</subfield>
  </datafield>
  <datafield tag="952" ind1=" " ind2=" ">
    <subfield code="0">0</subfield>
    <subfield code="1">0</subfield>
    <subfield code="2">ddc</subfield>
    <subfield code="4">0</subfield>
    <subfield code="7">0</subfield>
    <subfield code="a">SNCN</subfield>
    <subfield code="b">SNCN</subfield>
    <subfield code="d">2024-12-05</subfield>
    <subfield code="e">29</subfield>
    <subfield code="g">503.88</subfield>
    <subfield code="l">17</subfield>
    <subfield code="m">1</subfield>
    <subfield code="o">610.7368/ PAR</subfield>
    <subfield code="p">SNCN-BK-3561</subfield>
    <subfield code="r">2026-04-02 12:53:21</subfield>
    <subfield code="s">2026-03-16</subfield>
    <subfield code="v">725.00</subfield>
    <subfield code="w">2024-12-05</subfield>
    <subfield code="y">BK</subfield>
    <subfield code="z">3561</subfield>
  </datafield>
  <datafield tag="952" ind1=" " ind2=" ">
    <subfield code="0">0</subfield>
    <subfield code="1">0</subfield>
    <subfield code="2">ddc</subfield>
    <subfield code="4">0</subfield>
    <subfield code="7">0</subfield>
    <subfield code="a">SNCN</subfield>
    <subfield code="b">SNCN</subfield>
    <subfield code="d">2024-12-05</subfield>
    <subfield code="e">29</subfield>
    <subfield code="g">503.88</subfield>
    <subfield code="l">18</subfield>
    <subfield code="m">3</subfield>
    <subfield code="o">610.7368/ PAR</subfield>
    <subfield code="p">SNCN-BK-3558</subfield>
    <subfield code="r">2026-03-20 13:08:49</subfield>
    <subfield code="s">2026-03-02</subfield>
    <subfield code="v">725.00</subfield>
    <subfield code="w">2024-12-05</subfield>
    <subfield code="y">BK</subfield>
    <subfield code="z">3558</subfield>
  </datafield>
  <datafield tag="952" ind1=" " ind2=" ">
    <subfield code="0">0</subfield>
    <subfield code="1">0</subfield>
    <subfield code="2">ddc</subfield>
    <subfield code="4">0</subfield>
    <subfield code="7">0</subfield>
    <subfield code="a">SNCN</subfield>
    <subfield code="b">SNCN</subfield>
    <subfield code="d">2024-12-05</subfield>
    <subfield code="e">29</subfield>
    <subfield code="g">503.88</subfield>
    <subfield code="l">17</subfield>
    <subfield code="m">1</subfield>
    <subfield code="o">610.7368/ PAR</subfield>
    <subfield code="p">SNCN-BK-3560</subfield>
    <subfield code="r">2026-04-01 10:38:17</subfield>
    <subfield code="s">2026-03-17</subfield>
    <subfield code="v">725.00</subfield>
    <subfield code="w">2024-12-05</subfield>
    <subfield code="y">BK</subfield>
    <subfield code="z">3560</subfield>
  </datafield>
  <datafield tag="952" ind1=" " ind2=" ">
    <subfield code="0">0</subfield>
    <subfield code="1">0</subfield>
    <subfield code="2">ddc</subfield>
    <subfield code="4">0</subfield>
    <subfield code="7">0</subfield>
    <subfield code="a">SNCN</subfield>
    <subfield code="b">SNCN</subfield>
    <subfield code="d">2024-12-05</subfield>
    <subfield code="e">29</subfield>
    <subfield code="g">503.88</subfield>
    <subfield code="l">12</subfield>
    <subfield code="o">610.7368/ PAR</subfield>
    <subfield code="p">SNCN-BK-3562</subfield>
    <subfield code="r">2026-03-04 14:58:25</subfield>
    <subfield code="s">2026-02-16</subfield>
    <subfield code="v">725.00</subfield>
    <subfield code="w">2024-12-05</subfield>
    <subfield code="y">BK</subfield>
    <subfield code="z">3562</subfield>
  </datafield>
</record>
